Animals Scramble #1 - Statistics

General Stats
  • This quiz has been taken 70 times
  • The average score is 15 of 16
Answer Stats
Hint Answer % Correct
gdo dog
100%
beraz zebra
98%
drib bird
97%
hifs fish
95%
tecehah cheetah
94%
orgf frog
94%
inol lion
94%
helaw whale
94%
flow wolf
94%
lircocdoe crocodile
92%
nadap panda
92%
ebra bear
89%
keans snake
89%
skrah shark
83%
uletrt turtle
81%
ooems moose
80%
No matching quizzes found
Score Distribution
Percent of People with Each Score
Percentile by Number Answered
Your Score History
You have not taken this quiz